00274nam a2200109Ia 4500008004100000041001200041082001100053100002200064245006600086260000600152650000600158221030s9999 xx 000 0 und d aEnglish a105.23 aB. S. Raghuwanshi 2aA Course in Workshlp Technolgoy Vol. IIcby B. S. Raghuwanshi c0 aB